000 00290nam a22001337a 4500
008 181221b xxu||||| |||| 00| 0 eng d
020 _a0155151800
041 _aeng
080 _a371
100 _a46
101 _aEDU
245 _aA Course in Phonetics
_cLadefoged, P
942 _2udc
_cBK
999 _c53692
_d53692